[Event "English Open Championship 2024"]
[Site "Holiday Inn, 212 Abbey End, Kenilworth CV8 1ED, United Kingdom"]
[Date "2024.06.23"]
[Round "7.30"]
[White "Zhu, Pengxiao"]
[Black "Lim, Mark"]
[Result "1-0"]
[TimeControl "G90 + 30secs/move"]
[WhiteFideId "499307"]
[BlackFideId "417734"]
[WhiteElo "2033"]
[BlackElo "1844"]

1. d4 {[%clk 01:30:58]} {[%emt 00:00:01]} Nf6 {[%clk 01:28:51]} {[%emt
00:02:10]} 2. c4 {[%clk 01:31:13]} {[%emt 00:00:16]} e6 {[%clk 01:29:17]}
{[%emt 00:00:04]} 3. Nc3 {[%clk 01:31:35]} {[%emt 00:00:05]} Bb4 {[%clk
01:29:45]} {[%emt 00:00:04]} 4. Qc2 {[%clk 01:31:58]} {[%emt 00:00:08]} c5
{[%clk 01:30:13]} {[%emt 00:00:01]} 5. dxc5 {[%clk 01:32:22]} {[%emt 00:00:07]}
Bxc5 {[%clk 01:30:40]} {[%emt 00:00:03]} 6. Nf3 {[%clk 01:32:26]} {[%emt
00:00:24]} Qb6 {[%clk 01:31:07]} {[%emt 00:00:04]} 7. e3 {[%clk 01:32:26]}
{[%emt 00:00:29]} Qc7 {[%clk 01:31:32]} {[%emt 00:00:05]} 8. Bd3 {[%clk
01:32:22]} {[%emt 00:00:33]} a6 {[%clk 01:30:28]} {[%emt 00:01:35]} 9. O-O
{[%clk 01:30:40]} {[%emt 00:02:10]} Be7 {[%clk 01:30:22]} {[%emt 00:00:38]} 10.
a3 {[%clk 01:29:08]} {[%emt 00:02:02]} d6 {[%clk 01:29:33]} {[%emt 00:01:17]}
11. b4 {[%clk 01:27:46]} {[%emt 00:01:52]} Nbd7 {[%clk 01:28:58]} {[%emt
00:01:04]} 12. Bb2 {[%clk 01:27:20]} {[%emt 00:00:58]} b6 {[%clk 01:28:36]}
{[%emt 00:00:51]} 13. Rac1 {[%clk 01:18:50]} {[%emt 00:08:59]} Bb7 {[%clk
01:28:05]} {[%emt 00:01:02]} 14. Nd4 {[%clk 01:14:54]} {[%emt 00:04:26]} O-O
{[%clk 01:27:00]} {[%emt 00:01:34]} 15. Ne4 {[%clk 01:03:37]} {[%emt 00:11:48]}
Rac8 {[%clk 01:21:57]} {[%emt 00:05:31]} 16. Nb3 {[%clk 00:59:16]} {[%emt
00:04:51]} Qb8 {[%clk 01:20:08]} {[%emt 00:02:21]} 17. Nxf6+ {[%clk 00:58:12]}
{[%emt 00:01:35]} Nxf6 {[%clk 01:19:21]} {[%emt 00:01:15]} 18. Bxf6 {[%clk
00:58:30]} {[%emt 00:00:12]} Bxf6 {[%clk 01:19:49]} {[%emt 00:00:03]} 19. Bxh7+
{[%clk 00:58:53]} {[%emt 00:00:08]} Kh8 {[%clk 01:20:15]} {[%emt 00:00:03]} 20.
Bd3 {[%clk 00:58:40]} {[%emt 00:00:43]} d5 {[%clk 01:18:51]} {[%emt 00:01:54]}
21. c5 {[%clk 00:56:49]} {[%emt 00:02:22]} e5 {[%clk 01:15:43]} {[%emt
00:03:37]} 22. Qe2 {[%clk 00:56:36]} {[%emt 00:00:44]} e4 {[%clk 01:14:58]}
{[%emt 00:01:16]} 23. Bxa6 {[%clk 00:56:18]} {[%emt 00:00:48]} Bxa6 {[%clk
01:13:13]} {[%emt 00:02:15]} 24. Qxa6 {[%clk 00:56:44]} {[%emt 00:00:03]} Be5
{[%clk 01:12:21]} {[%emt 00:01:22]} 25. h3 {[%clk 00:55:05]} {[%emt 00:02:09]}
Rc6 {[%clk 01:11:57]} {[%emt 00:00:54]} 26. Qe2 {[%clk 00:53:21]} {[%emt
00:02:15]} Rh6 {[%clk 01:11:32]} {[%emt 00:00:54]} 27. Nd4 {[%clk 00:52:14]}
{[%emt 00:01:38]} Qc8 {[%clk 01:11:17]} {[%emt 00:00:44]} 28. cxb6 {[%clk
00:51:37]} {[%emt 00:01:07]} Rxh3 {[%clk 01:09:44]} {[%emt 00:02:03]} 29. Rxc8
{[%clk 00:51:21]} {[%emt 00:00:47]} 1-0

[Event "English Open Championship 2024"]
[Site "Holiday Inn, 212 Abbey End, Kenilworth CV8 1ED, United Kingdom"]
[Date "2024.06.23"]
[Round "7.31"]
[White "Varley, Joe"]
[Black "Hertog, Alexander"]
[Result "1-0"]
[TimeControl "G90 + 30secs/move"]
[WhiteFideId "461962"]
[BlackFideId "488453"]
[WhiteElo "1948"]
[BlackElo "1943"]

1. e4 {[%clk 01:30:57]} {[%emt 00:00:03]} c6 {[%clk 01:30:59]} {[%emt
00:00:02]} 2. d4 {[%clk 01:31:20]} {[%emt 00:00:05]} d5 {[%clk 01:31:27]}
{[%emt 00:00:03]} 3. f3 {[%clk 01:31:44]} {[%emt 00:00:05]} Qb6 {[%clk
01:31:55]} {[%emt 00:00:02]} 4. Nc3 {[%clk 01:32:03]} {[%emt 00:00:11]} dxe4
{[%clk 01:32:22]} {[%emt 00:00:04]} 5. fxe4 {[%clk 01:32:23]} {[%emt 00:00:09]}
e5 {[%clk 01:32:49]} {[%emt 00:00:03]} 6. Nf3 {[%clk 01:32:44]} {[%emt
00:00:09]} exd4 {[%clk 01:33:05]} {[%emt 00:00:14]} 7. Nxd4 {[%clk 01:33:07]}
{[%emt 00:00:06]} Bc5 {[%clk 01:33:29]} {[%emt 00:00:08]} 8. Na4 {[%clk
01:33:32]} {[%emt 00:00:05]} Qa5+ {[%clk 01:33:54]} {[%emt 00:00:06]} 9. c3
{[%clk 01:33:49]} {[%emt 00:00:12]} Bd6 {[%clk 01:33:21]} {[%emt 00:01:05]} 10.
b4 {[%clk 01:33:04]} {[%emt 00:01:15]} Qc7 {[%clk 01:32:37]} {[%emt 00:01:13]}
11. g3 {[%clk 01:31:42]} {[%emt 00:01:52]} Nf6 {[%clk 01:32:32]} {[%emt
00:00:36]} 12. Bg2 {[%clk 01:31:09]} {[%emt 00:01:03]} Bg4 {[%clk 01:30:04]}
{[%emt 00:02:58]} 13. Qd3 {[%clk 01:26:59]} {[%emt 00:04:40]} O-O {[%clk
01:25:51]} {[%emt 00:04:43]} 14. O-O {[%clk 01:27:01]} {[%emt 00:00:26]} Nbd7
{[%clk 01:24:17]} {[%emt 00:02:06]} 15. Bg5 {[%clk 01:24:41]} {[%emt 00:02:49]}
h6 {[%clk 01:23:44]} {[%emt 00:01:03]} 16. Bf4 {[%clk 01:24:16]} {[%emt
00:00:55]} Ne5 {[%clk 01:21:22]} {[%emt 00:02:52]} 17. Qc2 {[%clk 01:24:37]}
{[%emt 00:00:09]} Rfe8 {[%clk 01:18:36]} {[%emt 00:03:18]} 18. Bxh6 {[%clk
01:23:10]} {[%emt 00:01:56]} Nxe4 {[%emt 00:05:59]} 19. Bxe4 {[%clk 01:13:22]}
{[%emt 00:10:15]} gxh6 {[%clk 01:13:36]} {[%emt 00:00:04]} 20. Bf5 {[%clk
01:09:58]} {[%emt 00:03:55]} Bf8 {[%clk 01:09:57]} {[%emt 00:04:08]} 21. Rf4
{[%clk 01:08:59]} {[%emt 00:01:29]} Bxf5 {[%clk 01:08:19]} {[%emt 00:02:08]} 22.
Nxf5 {[%clk 01:09:10]} {[%emt 00:00:19]} Rad8 {[%clk 01:06:46]} {[%emt
00:02:04]} 23. Raf1 {[%clk 01:08:51]} {[%emt 00:00:47]} b6 {[%clk 00:56:17]}
{[%emt 00:10:59]} 24. Nb2 {[%clk 01:05:08]} {[%emt 00:04:13]} Rd7 {[%clk
00:49:01]} {[%emt 00:07:46]} 25. Nc4 {[%clk 01:03:53]} {[%emt 00:01:45]} Ng6
{[%clk 00:46:43]} {[%emt 00:02:49]} 26. Rg4 {[%clk 01:00:05]} {[%emt 00:04:16]}
b5 {[%clk 00:41:35]} {[%emt 00:05:39]} 27. Nh4 {[%clk 00:57:52]} {[%emt
00:02:43]} bxc4 {[%clk 00:36:42]} {[%emt 00:05:24]} 28. Nxg6 {[%clk 00:56:41]}
{[%emt 00:01:40]} fxg6 {[%clk 00:35:39]} {[%emt 00:01:34]} 29. Qxg6+ {[%clk
00:56:47]} {[%emt 00:00:24]} Rg7 {[%clk 00:35:21]} {[%emt 00:00:48]} 30. Qxe8
{[%clk 00:57:09]} {[%emt 00:00:08]} Qd6 {[%clk 00:32:10]} {[%emt 00:03:41]} 31.
Rxg7+ {[%clk 00:57:19]} {[%emt 00:00:18]} Kxg7 {[%clk 00:32:36]} {[%emt
00:00:05]} 32. Qf7+ {[%clk 00:57:40]} {[%emt 00:00:10]} Kh8 {[%clk 00:33:02]}
{[%emt 00:00:04]} 33. Qxf8+ {[%clk 00:58:02]} {[%emt 00:00:06]} Qxf8 {[%clk
00:33:29]} {[%emt 00:00:04]} 34. Rxf8+ {[%clk 00:58:24]} {[%emt 00:00:07]} Kg7
{[%clk 00:33:58]} {[%emt 00:00:01]} 35. Ra8 {[%clk 00:58:35]} {[%emt 00:00:20]}
1-0

[Event "English Open Championship 2024"]
[Site "Holiday Inn, 212 Abbey End, Kenilworth CV8 1ED, United Kingdom"]
[Date "2024.06.23"]
[Round "7.32"]
[White "Damodaran, Patrick"]
[Black "Williams, Ana"]
[Result "1/2-1/2"]
[TimeControl "G90 + 30secs/move"]
[WhiteFideId "465429"]
[BlackFideId "343419771"]
[WhiteElo "1934"]
[BlackElo "1988"]

1. e4 {[%clk 01:30:33]} {[%emt 00:00:24]} c5 {[%clk 01:30:54]} {[%emt
00:00:07]} 2. Nf3 {[%clk 01:30:30]} {[%emt 00:00:34]} d6 {[%clk 01:31:21]}
{[%emt 00:00:03]} 3. d4 {[%clk 01:30:04]} {[%emt 00:00:57]} cxd4 {[%clk
01:31:27]} {[%emt 00:00:23]} 4. Nxd4 {[%clk 01:29:52]} {[%emt 00:00:41]} Nf6
{[%clk 01:31:53]} {[%emt 00:00:04]} 5. Nc3 {[%clk 01:28:46]} {[%emt 00:01:36]}
g6 {[%clk 01:32:21]} {[%emt 00:00:03]} 6. f3 {[%clk 01:28:15]} {[%emt
00:00:59]} Bg7 {[%clk 01:32:13]} {[%emt 00:00:39]} 7. Be3 {[%clk 01:27:46]}
{[%emt 00:00:59]} O-O {[%clk 01:32:37]} {[%emt 00:00:07]} 8. Qd2 {[%clk
01:26:39]} {[%emt 00:01:35]} Nc6 {[%clk 01:32:41]} {[%emt 00:00:29]} 9. O-O-O
{[%clk 01:25:55]} {[%emt 00:01:11]} d5 {[%clk 01:33:06]} {[%emt 00:00:07]} 10.
exd5 {[%clk 01:22:41]} {[%emt 00:03:44]} Nxd5 {[%clk 01:33:07]} {[%emt
00:00:30]} 11. Nxc6 {[%clk 01:20:25]} {[%emt 00:02:46]} bxc6 {[%clk 01:32:32]}
{[%emt 00:01:05]} 12. Nxd5 {[%clk 01:16:11]} {[%emt 00:04:44]} cxd5 {[%clk
01:32:57]} {[%emt 00:00:04]} 13. Qxd5 {[%clk 01:14:53]} {[%emt 00:01:48]} Qc7
{[%clk 01:33:25]} {[%emt 00:00:04]} 14. Qxa8 {[%clk 01:06:26]} {[%emt
00:08:57]} Bf5 {[%clk 01:33:03]} {[%emt 00:00:52]} 15. Qxf8+ {[%clk 01:05:53]}
{[%emt 00:01:03]} Kxf8 {[%clk 01:33:18]} {[%emt 00:00:13]} 16. Rd2 {[%clk
01:02:49]} {[%emt 00:03:34]} Qb8 {[%clk 01:31:52]} {[%emt 00:01:57]} 17. b3
{[%clk 00:53:11]} {[%emt 00:10:07]} h5 {[%clk 01:18:20]} {[%emt 00:14:02]} 18.
Bc4 {[%clk 00:47:12]} {[%emt 00:06:29]} Bc3 {[%clk 01:17:19]} {[%emt 00:01:31]}
19. Rd5 {[%clk 00:40:08]} {[%emt 00:07:35]} Qb4 {[%clk 01:14:47]} {[%emt
00:03:02]} 20. Bc5 {[%clk 00:35:15]} {[%emt 00:05:23]} Qb8 {[%clk 01:03:46]}
{[%emt 00:11:33]} 21. Rhd1 {[%clk 00:30:47]} {[%emt 00:04:58]} Qxh2 {[%clk
01:01:59]} {[%emt 00:02:15]} 22. Bxa7 {[%clk 00:28:03]} {[%emt 00:03:15]} Qxg2
{[%clk 01:00:44]} {[%emt 00:01:44]} 23. Bd3 {[%clk 00:28:17]} {[%emt 00:00:17]}
e6 {[%clk 00:54:38]} {[%emt 00:06:36]} 24. Rd8+ {[%clk 00:27:36]} {[%emt
00:01:12]} Kg7 {[%clk 00:53:09]} {[%emt 00:01:58]} 25. Bxf5 {[%clk 00:27:39]}
{[%emt 00:00:27]} Qg5+ {[%clk 00:53:28]} {[%emt 00:00:10]} 26. Kb1 {[%clk
00:28:02]} {[%emt 00:00:08]} Qxf5 {[%clk 00:53:49]} {[%emt 00:00:10]} 27. R8d3
{[%clk 00:27:26]} {[%emt 00:01:05]} Bf6 {[%clk 00:52:51]} {[%emt 00:01:28]} 28.
a4 {[%clk 00:26:07]} {[%emt 00:01:50]} h4 {[%clk 00:52:11]} {[%emt 00:01:10]}
29. Bd4 {[%clk 00:25:15]} {[%emt 00:01:22]} Bxd4 {[%clk 00:52:36]} {[%emt
00:00:06]} 30. Rxd4 {[%clk 00:25:33]} {[%emt 00:00:13]} Qxf3 {[%clk 00:53:03]}
{[%emt 00:00:01]} 31. Kb2 {[%clk 00:24:36]} {[%emt 00:01:27]} h3 {[%clk
00:51:56]} {[%emt 00:01:37]} 32. R4d3 {[%clk 00:23:15]} {[%emt 00:01:51]} Qe2
{[%clk 00:49:28]} {[%emt 00:02:58]} 33. Rh1 {[%clk 00:22:57]} {[%emt 00:00:48]}
f5 {[%clk 00:43:44]} {[%emt 00:06:15]} 34. Rdxh3 {[%clk 00:22:09]} {[%emt
00:01:16]} g5 {[%clk 00:43:52]} {[%emt 00:00:24]} 35. b4 {[%clk 00:21:29]}
{[%emt 00:01:10]} g4 {[%clk 00:43:30]} {[%emt 00:00:52]} 36. Rb3 {[%clk
00:21:00]} {[%emt 00:00:58]} f4 {[%clk 00:40:21]} {[%emt 00:03:39]} 37. b5
{[%clk 00:20:41]} {[%emt 00:00:50]} Qe5+ {[%clk 00:34:48]} {[%emt 00:06:01]} 38.
Ka3 {[%clk 00:18:18]} {[%emt 00:02:54]} Qc5+ {[%clk 00:34:35]} {[%emt
00:00:44]} 39. Kb2 {[%clk 00:18:25]} {[%emt 00:00:22]} Qd4+ {[%clk 00:33:55]}
{[%emt 00:01:11]} 40. Ka3 {[%clk 00:18:33]} {[%emt 00:00:22]} Qc5+ {[%clk
00:34:19]} {[%emt 00:00:04]} 1/2-1/2

[Event "English Open Championship 2024"]
[Site "Holiday Inn, 212 Abbey End, Kenilworth CV8 1ED, United Kingdom"]
[Date "2024.06.23"]
[Round "7.33"]
[White "Patel, Keatan"]
[Black "De Coverly, Roger D"]
[Result "1-0"]
[TimeControl "G90 + 30secs/move"]
[WhiteFideId "477613"]
[BlackFideId "405213"]
[WhiteElo "1848"]
[BlackElo "1923"]

1. e4 {[%clk 01:30:37]} {[%emt 00:00:22]} e5 {[%clk 01:30:55]} {[%emt
00:00:05]} 2. Nf3 {[%clk 01:30:59]} {[%emt 00:00:09]} Nc6 {[%clk 01:31:21]}
{[%emt 00:00:04]} 3. Bb5 {[%clk 01:31:22]} {[%emt 00:00:08]} a6 {[%clk
01:31:46]} {[%emt 00:00:04]} 4. Ba4 {[%clk 01:31:19]} {[%emt 00:00:32]} Nf6
{[%clk 01:32:08]} {[%emt 00:00:07]} 5. d3 {[%clk 01:31:43]} {[%emt 00:00:07]}
b5 {[%clk 01:32:01]} {[%emt 00:00:37]} 6. Bb3 {[%clk 01:32:06]} {[%emt
00:00:06]} Be7 {[%clk 01:32:16]} {[%emt 00:00:15]} 7. a4 {[%clk 01:32:03]}
{[%emt 00:00:34]} Bb7 {[%clk 01:30:48]} {[%emt 00:01:59]} 8. O-O {[%clk
01:30:31]} {[%emt 00:02:01]} O-O {[%clk 01:30:33]} {[%emt 00:00:44]} 9. Re1
{[%clk 01:27:36]} {[%emt 00:03:25]} d6 {[%clk 01:24:51]} {[%emt 00:06:13]} 10.
c3 {[%clk 01:27:40]} {[%emt 00:00:25]} Na5 {[%clk 01:23:57]} {[%emt 00:01:24]}
11. Bc2 {[%clk 01:25:06]} {[%emt 00:03:04]} c5 {[%clk 01:24:11]} {[%emt
00:00:17]} 12. d4 {[%clk 01:21:12]} {[%emt 00:04:24]} exd4 {[%clk 01:21:01]}
{[%emt 00:03:40]} 13. cxd4 {[%clk 01:21:11]} {[%emt 00:00:31]} Nc6 {[%clk
01:21:13]} {[%emt 00:00:17]} 14. Nc3 {[%clk 01:12:34]} {[%emt 00:09:07]} b4
{[%clk 01:16:59]} {[%emt 00:04:45]} 15. Ne2 {[%clk 01:00:05]} {[%emt 00:12:58]}
cxd4 {[%clk 01:14:06]} {[%emt 00:03:24]} 16. Nexd4 {[%clk 00:57:56]} {[%emt
00:02:40]} Ne5 {[%clk 01:12:11]} {[%emt 00:02:24]} 17. Bf4 {[%clk 00:48:30]}
{[%emt 00:09:56]} Nfd7 {[%clk 01:09:57]} {[%emt 00:02:45]} 18. Nf5 {[%clk
00:44:41]} {[%emt 00:04:18]} Nxf3+ {[%clk 01:06:37]} {[%emt 00:03:49]} 19. Qxf3
{[%clk 00:42:08]} {[%emt 00:03:02]} Ne5 {[%clk 01:01:10]} {[%emt 00:05:58]} 20.
Qg3 {[%clk 00:38:30]} {[%emt 00:04:06]} Bf6 {[%clk 01:01:26]} {[%emt 00:00:17]}
21. Rad1 {[%clk 00:37:50]} {[%emt 00:01:08]} Qa5 {[%clk 00:57:20]} {[%emt
00:04:37]} 22. Nxd6 {[%clk 00:33:08]} {[%emt 00:05:14]} Bc6 {[%clk 00:56:35]}
{[%emt 00:01:14]} 23. Nf5 {[%clk 00:31:41]} {[%emt 00:01:55]} Rfd8 {[%clk
00:51:50]} {[%emt 00:05:15]} 24. Bxe5 {[%clk 00:23:54]} {[%emt 00:08:18]} Bxe5
{[%clk 00:50:14]} {[%emt 00:02:06]} 25. Ne7+ {[%clk 00:24:08]} {[%emt
00:00:17]} Kf8 {[%clk 00:50:15]} {[%emt 00:00:29]} 26. Nxc6 {[%clk 00:24:19]}
{[%emt 00:00:18]} 1-0